书目信息 |
| 题名: |
大学生公民教育研究
|
|
| 作者: | 李晖 著 | |
| 分册: | ||
| 出版信息: | 北京 光明日报出版社 2014.12 |
|
| 页数: | 285页 | |
| 开本: | 24cm | |
| 丛书名: | ||
| 单 册: | ||
| 中图分类: | D648.3 | |
| 科图分类: | ||
| 主题词: | 大学生--公民教育--中国 | |
| 电子资源: | ||
| ISBN: | 978-7-5112-7647-6 | |
| 000 | 01026nam0 2200229 450 | |
| 001 | 2014294261 | |
| 005 | 20141219200018.0 | |
| 010 | @a978-7-5112-7647-6@dCNY78.00 | |
| 100 | @a20141219d2014 em y0chiy0110 ea | |
| 101 | 0 | @achi |
| 102 | @aCN@b110000 | |
| 105 | @ay z 000yy | |
| 106 | @ar | |
| 200 | 1 | @a大学生公民教育研究@Ada xue sheng gong min jiao yu yan jiu@f李晖著 |
| 210 | @a北京@c光明日报出版社@d2014.12 | |
| 215 | @a285页@d24cm | |
| 330 | @a积极心理学的价值取向与“人文关怀”、“心理疏导”、社会主义核心价值观,以及大学生公民教育的目标不谋而合。将大学生公民教育置于积极心理学视域下,使公民意识的培养与公民美德、积极心理品质与社会主义核心价值观的培育结合,更能充分发挥大学生的主体性和创造精神,挖掘其自身潜在的积极力量,在知与行中习得快乐、感受幸福,成为与全球化、多样化的国际教育环境相适应的“真实的人”。 | |
| 606 | 0 | @a大学生@x公民教育@y中国 |
| 690 | @aD648.3@v5 | |
| 701 | 0 | @a李晖@Ali hui@4著 |
| 801 | 0 | @aCN@b碧洲教育@c20150812 |
| 905 | @a10447@b208496554@b208496563@b208496572@b208496581@f4@dD648.3@e167 | |
| 大学生公民教育研究/李晖著.-北京:光明日报出版社,2014.12 |
| 285页;24cm |
| ISBN 978-7-5112-7647-6:CNY78.00 |
| 积极心理学的价值取向与“人文关怀”、“心理疏导”、社会主义核心价值观,以及大学生公民教育的目标不谋而合。将大学生公民教育置于积极心理学视域下,使公民意识的培养与公民美德、积极心理品质与社会主义核心价值观的培育结合,更能充分发挥大学生的主体性和创造精神,挖掘其自身潜在的积极力量,在知与行中习得快乐、感受幸福,成为与全球化、多样化的国际教育环境相适应的“真实的人”。 |
| ● |
| 相关链接 |
|
|
|
|
正题名:大学生公民教育研究
索取号:D648.3/167
 
预约/预借
| 序号 | 登录号 | 条形码 | 馆藏地/架位号 | 状态 | 备注 |
| 1 | 0849655 | 208496554 | 第一借阅区/ [索取号:D648.3/167] | 在馆 | |
| 2 | 0849656 | 208496563 | 第一借阅区/ [索取号:D648.3/167] | 在馆 | |
| 3 | 0849657 | 208496572 | 第一借阅区/ [索取号:D648.3/167] | 在馆 | |
| 4 | 0849658 | 208496581 | 第一借阅区/ [索取号:D648.3/167] | 在馆 | |
| 5 | 862602 | 208626021 | 第一样本阅览室/ [索取号:D648.3/167] | 在馆 | |
| 6 | 862603 | 208626030 | 第一借阅区/ [索取号:D648.3/167] | 在馆 | |
| 7 | 862604 | 208626049 | 第一借阅区/ [索取号:D648.3/167] | 在馆 | |
| 8 | 862605 | 208626058 | 第一借阅区/ [索取号:D648.3/167] | 在馆 |